[Event "RUS-chT Men Rapid 2019"]
[Site "Sochi"]
[Date "2019.10.18"]
[Round "4.3"]
[White "Savchenko, Boris"]
[Black "Morozevich, Alexander"]
[Result "1-0"]
[WhiteElo "2581"]
[BlackElo "2659"]
[Annotator "TA"]
[PlyCount "141"]
[EventDate "2019.10.18"]
[EventType "swiss"]
[EventCountry "RUS"]
[SourceTitle "playchess.com"]
[Source "ChessBase"]
[SourceQuality "1"]

{[%evp 20,141,20,0,5,20,21,6,21,18,40,46,35,42,82,-54,-58,-60,-59,-57,0,0,0,0,0,0,0,0,0,0,60,47,49,41,44,45,69,59,125,128,145,143,142,148,156,155,158,158,159,154,152,57,64,54,56,52,57,56,60,17,17,17,65,52,52,52,52,52,52,59,52,39,58,38,45,13,19,12,12,12,16,16,25,25,77,77,76,76,76,76,83,83,135,135,142,91,94,91,91,83,91,83,95,90,224,0,127,0,241,127,577,577,577,577,577,577,569,569,562,555,555,555,555,555]} 1. e4 e5 2. Nf3 Nc6 3. Bb5 a6 4. Ba4 Nf6 5. O-O Be7 6. Re1 b5 {[%cal Bb7b5,Bb5b4][%mdl 32]} 7. Bb3 d6 8. c3 O-O 9. a4 b4 10. a5 Rb8 11. Bc4 {[#]} (11. h3 {is more complex.} h6 12. d4 bxc3 13. bxc3 exd4 14. Nxd4 Nxd4 15. cxd4 d5 16. exd5 Re8 17. Bd2) 11... Nxe4 $1 {[%mdl 512] C90: Closed Ruy Lopez with 7...d6: Early deviations} 12. Bd5 $1 {[%cal Rd5c6][%mdl 64] [#] Double Attack} (12. Rxe4 d5) 12... Nxf2 $1 {[%mdl 512]} 13. Kxf2 Nxa5 $1 {The position is equal.} 14. cxb4 Rxb4 15. d4 ({But not} 15. Rxa5 c6 $15) 15... c6 {[#]} 16. Bd2 $146 ({Predecessor:} 16. Ba2 exd4 17. Kg1 d5 18. Na3 Bf6 19. Nc2 {1-0 (48) Dominguez Perez,L (2750)-Nozdrachev,V (2489) Sochi 2019}) 16... Rxb2 17. Re2 (17. Kg1 $1 $16 cxd5 18. Bxa5) 17... cxd5 $15 18. Bxa5 Rxe2+ 19. Qxe2 Qe8 (19... Qd7 $15) 20. dxe5 $11 dxe5 21. Qxe5 Bc5+ 22. Kf1 Qb5+ 23. Qe2 Bd7 24. Nc3 {[%mdl 64] Double Attack} Qxe2+ (24... Qb8 $11 25. Re1 g6) 25. Kxe2 $14 Re8+ 26. Kd3 Bf5+ 27. Kd2 Be3+ 28. Kd1 Re6 (28... d4 $14) 29. Nxd5 $16 Rd6 30. Ke2 Rxd5 31. Kxe3 f6 32. Be1 Bc8 33. Rc1 Bb7 34. Rc7 Rb5 35. Nd4 (35. g3 $16) 35... Re5+ $14 36. Kf2 Bxg2 $1 37. Ra7 Bd5 38. Rxa6 Rh5 39. Kg3 Rg5+ $1 40. Kf4 h5 {With the idea ...Rg4+.} 41. Nf5 {And now Bc3 would win.} Rg4+ 42. Ke3 {Ne7+ is the strong threat.} Re4+ 43. Kd2 Bc4 44. Ra8+ Kh7 45. Bg3 Be6 46. Nd6 Rg4 47. Ne8 {Threatens to win with Ra7.} h4 48. Bd6 {Strongly threatening Ra7.} Bd7 49. Ke3 {Black must now prevent Nc7.} Bc6 50. Rc8 Re4+ 51. Kf3 {aiming for Nxf6+!} Bb7 (51... Bd5 $11 {remains equal.} 52. Kf2 Bf7) 52. Rc7 $1 $16 {[%csl LRb7,LRf6,LRg7] Hoping for Nxf6+.} Rxe8+ 53. Rxb7 {[%mdl 4096] Endgame KRB-KR} Kh6 54. Kg4 Rd8 55. Rb6 Kg6 ({Black should play} 55... Rc8 56. Kxh4 Rc4+ 57. Kg3 Kh5) 56. Kxh4 Kf5 57. Kg3 (57. Rb5+ $142 $1 Ke6 58. Bg3) 57... Rd7 58. Kf3 g5 59. Bc5 Rd3+ 60. Be3 Rd5 61. Ke2 Rd8 (61... Ra5 $16 62. Bf2 Ra2+ 63. Kf1 Ke5 64. Bg3+ Kf5) 62. Kf3 (62. Bc1 $1 $18) 62... Rd5 $1 63. Ke2 (63. Bf2 $16) 63... Rd8 $1 $18 {[#]} 64. Bd2 (64. Bc1 $1 $18) 64... g4 $2 {[%mdl 8192]} (64... Rc8 $16 65. Kf3 Rc2) 65. Bc3 {White is clearly winning.} Rc8 66. Kd3 Rd8+ 67. Ke3 Rf8 68. Rb5+ Kg6 {intending ...Rh8.} 69. Kf4 Rh8 {[#]} 70. Rb2 $1 Rh3 71. Be1 {Accuracy: White = 54%, Black = 47%.} 1-0

[Event "RUS-chT Men Rapid 2019"]
[Site "Sochi"]
[Date "2019.10.18"]
[Round "4.4"]
[White "Khismatullin, Denis"]
[Black "Popov, Ivan"]
[Result "1/2-1/2"]
[WhiteElo "2611"]
[BlackElo "2611"]
[Annotator "TA"]
[PlyCount "35"]
[EventDate "2019.10.18"]
[EventType "swiss"]
[EventCountry "RUS"]
[SourceTitle "playchess.com"]
[Source "ChessBase"]
[SourceQuality "1"]

{[%evp 9,35,-10,24,25,18,17,21,19,39,17,36,-8,25,33,37,0,45,36,32,49,56,-11,-12,-23,-13,-12,-9,-37]} 1. c4 e5 2. Nc3 Nf6 3. Nf3 Nc6 4. e3 Bb4 5. Nd5 Bc5 (5... e4 6. Ng1 O-O 7. a3 Bd6 8. Nxf6+ Qxf6 9. f4 exf3 10. Nxf3 Ne5 11. d4 Nxf3+ 12. Qxf3 Qxf3 13. gxf3 c5 14. dxc5 Bxc5 15. b4 Bb6 {½-½ (64) Carlsen,M (2875)-Ding,L (2805) Stavanger 2019}) 6. d4 {A28: English Opening: Four Knights Variation} exd4 7. exd4 Nxd5 8. dxc5 Qe7+ 9. Qe2 Ndb4 {[#] Hoping for ...Nc2+.} 10. Kd1 a5 11. Qxe7+ Kxe7 12. Bf4 $146 ({Predecessor:} 12. Be3) 12... d6 13. cxd6+ cxd6 14. a3 Na6 15. Bd3 (15. b3 $14) 15... Nc5 $11 16. Kc2 Nxd3 17. Kxd3 f6 18. Nd4 1/2-1/2

[Event "RUS-chT Men Rapid 2019"]
[Site "Sochi"]
[Date "2019.10.18"]
[Round "4.5"]
[White "Goryachkina, Aleksandra"]
[Black "Tsydypov, Zhamsaran"]
[Result "1/2-1/2"]
[WhiteElo "2575"]
[BlackElo "2553"]
[Annotator "ChessBase"]
[PlyCount "109"]
[EventDate "2019.10.18"]
[EventType "swiss"]
[EventCountry "RUS"]
[SourceTitle "playchess.com"]
[Source "ChessBase"]
[SourceQuality "1"]
[TimeControl "900+10"]

1. e4 {[%emt 0:00:00]} c5 {[%emt 0:00:05]} 2. Nf3 {[%emt 0:00:00]} d6 {[%emt 0:00:03]} 3. c3 {[%emt 0:00:00]} Nf6 {[%emt 0:00:08]} 4. Be2 {[%emt 0:00:09]} g6 {[%emt 0:00:06]} 5. O-O {[%emt 0:00:03]} Bg7 {[%emt 0:00:02]} 6. Bb5+ {[%emt 0:00:09]} Nbd7 {[%emt 0:00:25]} 7. Re1 {[%emt 0:00:09]} a6 {[%emt 0:00:11]} 8. Bf1 {[%emt 0:00:08]} O-O {[%emt 0:00:20]} 9. d4 {[%emt 0:00:03]} cxd4 {[%emt 0:01:37]} 10. cxd4 {[%emt 0:00:01]} b5 {[%emt 0:00:01]} 11. a3 {[%emt 0:00:44]} Bb7 {[%emt 0:00:11]} 12. Nc3 {[%emt 0:00:02]} Rc8 {[%emt 0:00:29]} 13. Bf4 {[%emt 0:00:58]} Nb6 {[%emt 0:00:55]} 14. Rc1 {[%emt 0:01:20]} Nc4 {[%emt 0:00:41]} 15. Qb3 {[%emt 0:00:49]} Qd7 {[%emt 0:00:39]} 16. h3 {[%emt 0:00:13]} Rfe8 {[%emt 0:00:49]} 17. Bh2 {[%emt 0:02:10]} Na5 {[%emt 0:01:10]} 18. Qd1 {[%emt 0:00:49]} Nc4 {[%emt 0:00:28]} 19. Qb3 {[%emt 0:00:02]} d5 {[%emt 0:01:27]} 20. e5 {[%emt 0:01:15]} Ne4 {[%emt 0:00:03]} 21. Bd3 {[%emt 0:00:56]} Bh6 {[%emt 0:00:04]} 22. Rc2 {[%emt 0:00:42]} Ned2 {[%emt 0:01:16]} 23. Nxd2 {[%emt 0:00:39]} Nxd2 {[%emt 0:01:15]} 24. Qa2 {[%emt 0:00:09]} Qd8 {[%emt 0:00:11]} 25. Rd1 {[%emt 0:00:32]} Ne4 {[%emt 0:00:15]} 26. Ne2 {[%emt 0:02:00]} Rxc2 {[%emt 0:00:21]} 27. Bxc2 {[%emt 0:00:01]} e6 {[%emt 0:02:05]} 28. Bf4 {[%emt 0:02:37]} Qh4 {[%emt 0:00:02]} 29. Bxe4 {[%emt 0:01:34]} dxe4 {[%emt 0:01:26]} 30. Be3 {[%emt 0:00:06]} Bd5 {[%emt 0:00:27]} 31. Qb1 {[%emt 0:00:01]} Bxe3 {[%emt 0:00:10]} 32. fxe3 {[%emt 0:00:10]} Bc4 {[%emt 0:00:01]} 33. Nc3 {[%emt 0:00:00]} Bd3 {[%emt 0:00:05]} 34. Qc1 {[%emt 0:00:10]} a5 35. Qd2 {[%emt 0:00:10]} b4 {[%emt 0:02:14]} 36. axb4 {[%emt 0:00:02]} axb4 {[%emt 0:00:10]} 37. Na4 {[%emt 0:00:08]} b3 {[%emt 0:00:20]} 38. Nc5 Bc4 {[%emt 0:00:04]} 39. Ra1 {[%emt 0:00:19]} Bd5 {[%emt 0:00:18]} 40. Qf2 {[%emt 0:00:01]} Qe7 {[%emt 0:00:15]} 41. Qf4 {[%emt 0:00:16]} Rc8 {[%emt 0:00:10]} 42. h4 {[%emt 0:00:52]} Kg7 {[%emt 0:00:04]} 43. Qg5 {[%emt 0:00:11]} Qxg5 {[%emt 0:00:21]} 44. hxg5 {[%emt 0:00:01]} h6 {[%emt 0:00:00]} 45. gxh6+ {[%emt 0:00:14]} Kxh6 {[%emt 0:00:02]} 46. Ra7 {[%emt 0:00:07]} Kg7 {[%emt 0:00:11]} 47. Ra6 {[%emt 0:00:11]} g5 {[%emt 0:00:03]} 48. Kf2 {[%emt 0:00:23]} Kg6 {[%emt 0:00:08]} 49. Kg3 {[%emt 0:00:09]} Kf5 {[%emt 0:00:01]} 50. Ra7 {[%emt 0:00:02]} Kg6 {[%emt 0:00:01]} 51. Ra6 {[%emt 0:00:05]} Rb8 {[%emt 0:00:22]} 52. Ra4 {[%emt 0:00:22]} Rb6 {[%emt 0:00:35]} 53. Kf2 {[%emt 0:00:09]} Rb8 {[%emt 0:00:01]} 54. Ra3 {[%emt 0:00:16]} Kf5 {[%emt 0:00:05]} 55. Ra7 {[%emt 0:00:02]} 1/2-1/2

[Event "RUS-chT Men Rapid 2019"]
[Site "Sochi"]
[Date "2019.10.18"]
[Round "4.6"]
[White "Triapishko, Alexandr"]
[Black "Pridorozhni, Aleksei"]
[Result "0-1"]
[WhiteElo "2514"]
[BlackElo "2599"]
[Annotator "ChessBase"]
[PlyCount "111"]
[EventDate "2019.10.18"]
[EventType "swiss"]
[EventCountry "RUS"]
[SourceTitle "playchess.com"]
[Source "ChessBase"]
[SourceQuality "1"]
[TimeControl "900+10"]

1. e4 {[%emt 0:00:00]} c5 {[%emt 0:00:00]} 2. Nf3 {[%emt 0:00:18]} e6 {[%emt 0:00:00]} 3. d4 {[%emt 0:00:06]} cxd4 {[%emt 0:00:00]} 4. Nxd4 {[%emt 0:00:01]} Nf6 {[%emt 0:00:00]} 5. Nc3 {[%emt 0:00:05]} Nc6 {[%emt 0:00:10]} 6. Ndb5 {[%emt 0:00:08]} Bc5 {[%emt 0:00:00]} 7. Nd6+ {[%emt 0:01:03]} Ke7 {[%emt 0:00:00]} 8. Bf4 {[%emt 0:00:11]} e5 {[%emt 0:00:00]} 9. Nf5+ {[%emt 0:00:18]} Kf8 {[%emt 0:00:00]} 10. Bg5 {[%emt 0:00:54]} h6 {[%emt 0:00:02]} 11. Bxf6 {[%emt 0:01:26]} Qxf6 {[%emt 0:00:03]} 12. Nd5 {[%emt 0:00:12]} Qd8 {[%emt 0:00:02]} 13. c3 {[%emt 0:01:46]} g6 {[%emt 0:00:02]} 14. Nfe3 {[%emt 0:00:29]} a6 {[%emt 0:00:06]} 15. Bc4 {[%emt 0:01:59]} Kg7 {[%emt 0:00:04]} 16. O-O {[%emt 0:00:36]} d6 {[%emt 0:00:07]} 17. Kh1 {[%emt 0:00:25]} Rf8 {[%emt 0:00:06]} 18. Qe2 {[%emt 0:01:29]} b5 {[%emt 0:01:40]} 19. Bd3 {[%emt 0:00:33]} b4 {[%emt 0:00:10]} 20. cxb4 {[%emt 0:02:15]} Nxb4 {[%emt 0:00:03]} 21. Nxb4 {[%emt 0:00:15]} Bxb4 {[%emt 0:00:01]} 22. f4 {[%emt 0:00:34]} exf4 {[%emt 0:00:16]} 23. Rxf4 {[%emt 0:00:07]} Bc5 {[%emt 0:00:09]} 24. Raf1 {[%emt 0:00:46]} Bd4 {[%emt 0:00:52]} 25. Nc4 {[%emt 0:01:14]} Be6 {[%emt 0:00:15]} 26. e5 {[%emt 0:01:14]} dxe5 {[%emt 0:00:12]} 27. Nxe5 {[%emt 0:00:03]} Qd6 {[%emt 0:00:14]} 28. Nc4 {[%emt 0:00:15]} Qd5 {[%emt 0:01:08]} 29. b3 {[%emt 0:00:18]} Rad8 {[%emt 0:00:04]} 30. Be4 {[%emt 0:00:04]} Qc5 {[%emt 0:00:18]} 31. g3 {[%emt 0:00:18]} a5 {[%emt 0:00:25]} 32. Qe1 {[%emt 0:00:39]} a4 {[%emt 0:00:15]} 33. Qa5 {[%emt 0:00:09]} axb3 {[%emt 0:00:23]} 34. Qxc5 {[%emt 0:00:06]} Bxc5 {[%emt 0:00:02]} 35. axb3 {[%emt 0:00:02]} Rb8 {[%emt 0:00:17]} 36. Na5 {[%emt 0:00:23]} Rb5 {[%emt 0:00:19]} 37. Nc6 {[%emt 0:00:13]} Rxb3 {[%emt 0:00:07]} 38. Bg2 {[%emt 0:00:02]} Rb2 {[%emt 0:00:11]} 39. Nd4 {[%emt 0:00:07]} Ba2 {[%emt 0:00:17]} 40. Nc6 {[%emt 0:00:18]} Rxg2 {[%emt 0:00:44]} 41. Kxg2 {[%emt 0:00:12]} Bd5+ {[%emt 0:00:02]} 42. Kh3 {[%emt 0:00:00]} Bxc6 {[%emt 0:00:02]} 43. g4 {[%emt 0:00:15]} Bd7 {[%emt 0:00:13]} 44. Kg2 {[%emt 0:00:01]} Be6 {[%emt 0:00:05]} 45. Rd1 {[%emt 0:00:23]} Ra8 {[%emt 0:00:06]} 46. h3 {[%emt 0:00:07]} Ra2+ {[%emt 0:00:13]} 47. Kg3 {[%emt 0:00:04]} g5 {[%emt 0:00:05]} 48. Rf3 {[%emt 0:00:18]} Bb6 {[%emt 0:00:16]} 49. Rc3 {[%emt 0:00:03]} Ba7 {[%emt 0:00:35]} 50. Kf3 {[%emt 0:00:13]} Rh2 {[%emt 0:00:10]} 51. Ke4 {[%emt 0:00:06]} Bb8 {[%emt 0:00:07]} 52. Rcd3 {[%emt 0:00:12]} Bf4 {[%emt 0:00:04]} 53. Rc3 {[%emt 0:00:15]} h5 {[%emt 0:00:02]} 54. Rg1 {[%emt 0:00:07]} hxg4 {[%emt 0:00:06]} 55. hxg4 {[%emt 0:00:01]} Rh4 {[%emt 0:00:03]} 56. Kd4 0-1

[Event "RUS-chT Men Rapid 2019"]
[Site "Sochi"]
[Date "2019.10.18"]
[Round "4.7"]
[White "Belyakov, Bogdan"]
[Black "Moiseenko, Vadim"]
[Result "1-0"]
[WhiteElo "2495"]
[BlackElo "2532"]
[Annotator "ChessBase"]
[PlyCount "79"]
[EventDate "2019.10.18"]
[EventType "swiss"]
[EventCountry "RUS"]
[SourceTitle "playchess.com"]
[Source "ChessBase"]
[SourceQuality "1"]
[TimeControl "900+10"]

1. e4 {[%emt 0:00:00]} e5 {[%emt 0:00:00]} 2. Nf3 {[%emt 0:00:00]} Nc6 {[%emt 0:00:00]} 3. c3 {[%emt 0:00:00]} Nf6 {[%emt 0:01:13]} 4. d4 {[%emt 0:00:00]} d5 {[%emt 0:00:41]} 5. Bb5 {[%emt 0:02:35]} exd4 {[%emt 0:00:42]} 6. e5 {[%emt 0:00:56]} Nd7 {[%emt 0:00:06]} 7. O-O {[%emt 0:01:10]} Be7 {[%emt 0:00:09]} 8. Bxc6 {[%emt 0:00:26]} bxc6 {[%emt 0:00:01]} 9. Nxd4 {[%emt 0:00:02]} Nb8 {[%emt 0:00:04]} 10. f4 {[%emt 0:01:48]} c5 {[%emt 0:00:19]} 11. Nb3 {[%emt 0:00:36]} Bf5 {[%emt 0:00:43]} 12. Be3 {[%emt 0:00:09]} c4 {[%emt 0:02:15]} 13. Nc5 {[%emt 0:01:13]} c6 {[%emt 0:01:54]} 14. g4 {[%emt 0:04:30]} Bc8 {[%emt 0:00:11]} 15. b4 {[%emt 0:00:36]} h5 {[%emt 0:01:00]} 16. f5 {[%emt 0:00:02]} a5 {[%emt 0:01:34]} 17. gxh5 {[%emt 0:01:05]} axb4 {[%emt 0:00:02]} 18. cxb4 {[%emt 0:00:46]} Na6 {[%emt 0:00:01]} 19. Qg4 {[%emt 0:01:24]} Rh7 {[%emt 0:01:43]} 20. h6 {[%emt 0:00:06]} Kf8 {[%emt 0:00:21]} 21. Ne6+ {[%emt 0:00:12]} fxe6 {[%emt 0:00:10]} 22. f6 {[%emt 0:00:37]} Bxf6 {[%emt 0:04:33]} 23. exf6 {[%emt 0:00:07]} g5 {[%emt 0:00:15]} 24. Qxg5 {[%emt 0:00:08]} d4 {[%emt 0:00:00]} 25. Qg6 {[%emt 0:00:09]} Raa7 {[%emt 0:00:01]} 26. f7 {[%emt 0:00:16]} Raxf7 {[%emt 0:00:26]} 27. Qxh7 {[%emt 0:00:04]} Rxf1+ {[%emt 0:00:01]} 28. Kxf1 {[%emt 0:00:02]} Qf6+ {[%emt 0:00:04]} 29. Bf2 {[%emt 0:00:07]} e5 {[%emt 0:00:15]} 30. Nd2 {[%emt 0:00:31]} Nxb4 {[%emt 0:00:14]} 31. Ne4 {[%emt 0:00:12]} Bh3+ {[%emt 0:00:05]} 32. Kg1 {[%emt 0:00:03]} Qf7 {[%emt 0:00:47]} 33. Qxf7+ {[%emt 0:00:05]} Kxf7 {[%emt 0:00:00]} 34. Ng5+ Kg6 35. h7 {[%emt 0:00:07]} Kg7 {[%emt 0:00:01]} 36. Bg3 {[%emt 0:00:05]} Nd3 {[%emt 0:00:01]} 37. Rd1 {[%emt 0:00:04]} c3 {[%emt 0:00:16]} 38. Rxd3 {[%emt 0:00:02]} c2 {[%emt 0:00:00]} 39. Bxe5+ {[%emt 0:00:02]} Kg6 {[%emt 0:00:00]} 40. Bf4 {[%emt 0:00:02]} 1-0

[Event "RUS-chT Men Rapid 2019"]
[Site "Sochi"]
[Date "2019.10.18"]
[Round "4.8"]
[White "Rozum, Ivan"]
[Black "Savitskiy, Sergey"]
[Result "0-1"]
[WhiteElo "2599"]
[BlackElo "2407"]
[Annotator "ChessBase"]
[PlyCount "98"]
[EventDate "2019.10.18"]
[EventType "swiss"]
[EventCountry "RUS"]
[SourceTitle "playchess.com"]
[Source "ChessBase"]
[SourceQuality "1"]
[TimeControl "900+10"]

1. Nf3 {[%emt 0:00:00]} Nf6 {[%emt 0:00:07]} 2. g3 {[%emt 0:00:00]} g6 {[%emt 0:00:01]} 3. b3 {[%emt 0:00:00]} Bg7 {[%emt 0:00:01]} 4. Bb2 {[%emt 0:00:00]} O-O {[%emt 0:00:05]} 5. Bg2 {[%emt 0:00:00]} c5 {[%emt 0:00:05]} 6. c4 {[%emt 0:00:00]} Nc6 {[%emt 0:00:01]} 7. O-O {[%emt 0:00:06]} d6 {[%emt 0:00:02]} 8. d4 {[%emt 0:00:06]} cxd4 {[%emt 0:00:01]} 9. Nxd4 {[%emt 0:00:02]} Bd7 {[%emt 0:00:01]} 10. Nc2 {[%emt 0:00:34]} Qa5 {[%emt 0:04:27]} 11. Nc3 {[%emt 0:01:00]} Rfc8 {[%emt 0:04:12]} 12. Ne3 {[%emt 0:02:27]} Ng4 {[%emt 0:01:26]} 13. Nxg4 {[%emt 0:01:09]} Bxg4 {[%emt 0:00:50]} 14. Rc1 {[%emt 0:00:36]} Rab8 {[%emt 0:00:35]} 15. h3 {[%emt 0:00:25]} Bd7 {[%emt 0:00:14]} 16. c5 {[%emt 0:07:31]} Be6 {[%emt 0:00:42]} 17. cxd6 {[%emt 0:00:05]} Rd8 {[%emt 0:00:01]} 18. e3 {[%emt 0:00:53]} Rxd6 {[%emt 0:00:21]} 19. Qe2 {[%emt 0:00:01]} Rbd8 {[%emt 0:00:01]} 20. Ba1 {[%emt 0:01:17]} Rd2 {[%emt 0:00:41]} 21. Qf3 {[%emt 0:00:34]} Nb4 {[%emt 0:00:33]} 22. Ne4 {[%emt 0:01:00]} Rxa2 {[%emt 0:00:36]} 23. Bxg7 {[%emt 0:00:03]} Kxg7 {[%emt 0:00:01]} 24. Nc5 {[%emt 0:00:03]} Bd5 {[%emt 0:01:17]} 25. Qf4 {[%emt 0:00:03]} Bxg2 {[%emt 0:00:26]} 26. Kxg2 {[%emt 0:00:01]} Nd3 {[%emt 0:00:38]} 27. Nxd3 {[%emt 0:00:07]} Rxd3 {[%emt 0:00:02]} 28. Rc7 {[%emt 0:00:10]} Qd5+ {[%emt 0:01:14]} 29. e4 {[%emt 0:00:10]} Qe6 {[%emt 0:00:19]} 30. Rxb7 {[%emt 0:00:11]} Re2 {[%emt 0:00:33]} 31. Rxa7 {[%emt 0:01:09]} Rxe4 {[%emt 0:00:01]} 32. Qc7 {[%emt 0:00:23]} h5 {[%emt 0:00:04]} 33. Rb7 {[%emt 0:00:09]} h4 {[%emt 0:00:16]} 34. Rb6 {[%emt 0:00:03]} Qd5 {[%emt 0:00:13]} 35. Qb7 {[%emt 0:00:17]} Qf5 {[%emt 0:00:20]} 36. Kg1 {[%emt 0:00:14]} Re2 {[%emt 0:00:17]} 37. g4 {[%emt 0:00:04]} Qe5 {[%emt 0:00:10]} 38. Rb5 {[%emt 0:00:12]} Qd4 {[%emt 0:00:07]} 39. Qb6 {[%emt 0:00:13]} Qf4 {[%emt 0:00:15]} 40. Rb4 {[%emt 0:00:09]} Qe5 {[%emt 0:00:09]} 41. Qb5 {[%emt 0:00:11]} Qxb5 {[%emt 0:00:08]} 42. Rxb5 {[%emt 0:00:01]} Rxh3 {[%emt 0:00:00]} 43. Rb7 {[%emt 0:00:06]} e6 {[%emt 0:00:16]} 44. b4 {[%emt 0:00:04]} Rb2 {[%emt 0:00:01]} 45. Re1 {[%emt 0:00:10]} Rf3 {[%emt 0:00:12]} 46. Rxe6 {[%emt 0:00:02]} Rfxf2 {[%emt 0:00:02]} 47. Ree7 {[%emt 0:00:06]} h3 {[%emt 0:00:10]} 48. Re1 {[%emt 0:00:09]} Rg2+ {[%emt 0:00:03]} 49. Kh1 {[%emt 0:00:00]} Rh2+ {[%emt 0:00:01]} 0-1

[Event "RUS-chT Men Rapid 2019"]
[Site "Sochi"]
[Date "2019.10.18"]
[Round "4.9"]
[White "Timofeev, Artyom"]
[Black "Drygalov, Andrey"]
[Result "1/2-1/2"]
[WhiteElo "2595"]
[BlackElo "2484"]
[Annotator "ChessBase"]
[PlyCount "27"]
[EventDate "2019.10.18"]
[EventType "swiss"]
[EventCountry "RUS"]
[SourceTitle "playchess.com"]
[Source "ChessBase"]
[SourceQuality "1"]
[TimeControl "900+10"]

1. c4 {[%emt 0:00:00]} e5 {[%emt 0:00:00]} 2. e3 {[%emt 0:00:00]} Nf6 {[%emt 0:00:00]} 3. Nc3 {[%emt 0:00:00]} Nc6 {[%emt 0:00:00]} 4. d3 {[%emt 0:00:00]} g6 {[%emt 0:00:00]} 5. Be2 {[%emt 0:00:26]} Bg7 {[%emt 0:00:01]} 6. Nf3 {[%emt 0:00:02]} O-O {[%emt 0:00:03]} 7. O-O {[%emt 0:00:03]} d6 {[%emt 0:00:26]} 8. Rb1 {[%emt 0:00:09]} a5 {[%emt 0:00:02]} 9. b3 {[%emt 0:00:04]} Re8 {[%emt 0:00:05]} 10. Bb2 {[%emt 0:00:03]} Bf5 {[%emt 0:00:13]} 11. Nh4 {[%emt 0:00:10]} Bd7 {[%emt 0:00:04]} 12. Nf3 {[%emt 0:00:02]} Bf5 {[%emt 0:00:01]} 13. Nh4 {[%emt 0:00:13]} Bd7 {[%emt 0:00:01]} 14. Nf3 {[%emt 0:00:02]} 1/2-1/2

[Event "RUS-chT Men Rapid 2019"]
[Site "Sochi"]
[Date "2019.10.18"]
[Round "4.10"]
[White "Lugovskoy, Maxim"]
[Black "Iljin, Artem"]
[Result "1-0"]
[WhiteElo "2436"]
[BlackElo "2509"]
[Annotator "ChessBase"]
[PlyCount "53"]
[EventDate "2019.10.18"]
[EventType "swiss"]
[EventCountry "RUS"]
[SourceTitle "playchess.com"]
[Source "ChessBase"]
[SourceQuality "1"]
[TimeControl "900+10"]

1. d4 {[%emt 0:00:00]} d5 {[%emt 0:00:00]} 2. Nc3 {[%emt 0:00:00]} Nf6 {[%emt 0:00:00]} 3. Bf4 {[%emt 0:00:00]} c5 {[%emt 0:01:09]} 4. e3 {[%emt 0:00:00]} cxd4 {[%emt 0:00:07]} 5. exd4 {[%emt 0:00:06]} a6 {[%emt 0:00:07]} 6. Nf3 {[%emt 0:00:08]} Nc6 {[%emt 0:00:30]} 7. Ne5 {[%emt 0:00:01]} Bd7 {[%emt 0:01:49]} 8. Bg5 {[%emt 0:02:50]} e6 {[%emt 0:00:33]} 9. Nxc6 {[%emt 0:03:07]} Bxc6 {[%emt 0:00:35]} 10. Bd3 {[%emt 0:00:12]} Qb6 {[%emt 0:01:38]} 11. Ne2 {[%emt 0:00:11]} Qxb2 {[%emt 0:01:41]} 12. O-O {[%emt 0:00:20]} Be7 {[%emt 0:00:16]} 13. Rb1 {[%emt 0:00:15]} Qa3 {[%emt 0:00:02]} 14. Re1 {[%emt 0:01:02]} Ne4 {[%emt 0:04:36]} 15. Bc1 {[%emt 0:01:03]} Qd6 {[%emt 0:00:46]} 16. f3 {[%emt 0:00:02]} Nf6 {[%emt 0:00:03]} 17. Bf4 {[%emt 0:00:57]} Qd7 {[%emt 0:00:24]} 18. Ng3 {[%emt 0:00:01]} Bb5 {[%emt 0:00:59]} 19. Be5 {[%emt 0:00:55]} O-O {[%emt 0:00:08]} 20. f4 {[%emt 0:00:18]} g6 {[%emt 0:01:03]} 21. Rxb5 {[%emt 0:01:58]} axb5 {[%emt 0:00:03]} 22. f5 {[%emt 0:00:01]} exf5 {[%emt 0:01:29]} 23. Nxf5 {[%emt 0:00:56]} gxf5 {[%emt 0:00:02]} 24. Qf3 {[%emt 0:00:57]} Ra3 {[%emt 0:00:02]} 25. Qf4 {[%emt 0:02:30]} Kh8 {[%emt 0:00:54]} 26. Bxf5 {[%emt 0:00:06]} Qc6 {[%emt 0:00:10]} 27. Qh6 {[%emt 0:00:02]} 1-0

[Event "RUS-chT Men Rapid 2019"]
[Site "Sochi"]
[Date "2019.10.18"]
[Round "4.11"]
[White "Faizrakhmanov, Ramil"]
[Black "Vastrukhin, Oleg"]
[Result "1/2-1/2"]
[WhiteElo "2434"]
[BlackElo "2428"]
[Annotator "TA"]
[PlyCount "117"]
[EventDate "2019.10.18"]
[EventType "swiss"]
[EventCountry "RUS"]
[SourceTitle "playchess.com"]
[Source "ChessBase"]
[SourceQuality "1"]

{[%evp 18,117,28,20,51,50,45,28,44,18,35,14,11,15,16,7,10,0,0,0,0,0,0,0,1,8,20,11,6,4,14,9,23,0,0,0,0,0,0,0,0,0,16,0,0,0,0,0,0,0,16,14,16,17,147,136,178,183,337,343,350,344,310,335,335,305,369,359,227,174,399,0,0,0,0,0,0,0,0,0,0,0,0,0,0,0,0,0,0,0,0,0,0,0,0,0,0,0,0,0,0,0]} 1. d4 g6 2. c4 Bg7 3. Nf3 d6 4. Nc3 e5 5. g3 exd4 6. Nxd4 Nc6 7. Nxc6 bxc6 8. Bg2 Ne7 9. O-O O-O 10. Qc2 Bf5 {A27: English Opening: Three Knights Variation} (10... Rb8 11. b3 Bf5 12. Qd2 d5 13. cxd5 Nxd5 14. Nxd5 Bxa1 15. Ba3 Bg7 16. Ne7+ Kh8 17. Qxd8 Rbxd8 18. Nxf5 gxf5 19. Bxf8 Bxf8 20. Bxc6 {0-1 (58) Cornette,M (2585)-Edouard,R (2626) chess.com INT 2017}) 11. e4 Be6 12. b3 c5 {White has an edge.} 13. Bb2 Nc6 14. Ne2 Rb8 15. Bxg7 Kxg7 16. f4 Bg4 17. Qc3+ $146 ({Predecessor:} 17. f5 Bxe2 18. f6+ {½-½ (31) Burrows,M (2115)-Byron,A (2175) Caleta 2016}) 17... f6 18. Bf3 Bxf3 19. Qxf3 Nd4 20. Qd3 Nxe2+ 21. Qxe2 Qe7 22. Rfe1 Rbe8 23. Qd2 g5 24. Rad1 gxf4 25. gxf4 Kh8 26. Kh1 Rg8 27. Qd5 Qe6 28. e5 fxe5 29. fxe5 dxe5 (29... Qe7 {is more complex.} 30. Rf1 Qxe5 31. Qxe5+ Rxe5 32. Rf7 Rc8) 30. Qxe6 Rxe6 $11 {[%mdl 4096] Endgame KRR-KRR} 31. Rd5 e4 32. Rxc5 Rf8 33. Rg5 e3 34. Re2 Rd8 35. Kg2 Rd2 (35... h6 $11 36. Rg3 Rde8) 36. Kf3 $16 Rh6 37. Rxe3 {[%cal Re3e8] [#]} Rh3+ $2 (37... Rf6+ 38. Kg3 Rf8) 38. Rg3 $18 Rxg3+ 39. hxg3 ({Less strong is} 39. Kxg3 Rxa2 40. h4 a5 $16) 39... Rxa2 {KR-KR} 40. Re8+ Kg7 41. Re7+ Kg6 42. Rxc7 a5 43. Rc6+ Kg7 $2 {[#]} (43... Kf5 {might work better.} 44. Rc5+ Ke6) 44. Ke4 $2 (44. Rb6 $1 $18 h5 45. Ke4) 44... Rg2 $1 $11 {The position is equal.} 45. Rb6 Rxg3 46. c5 {Rb7+ is the strong threat.} h5 47. c6 Rc3 48. Kd4 Rc1 $1 49. Rb5 Rxc6 50. Rxh5 Ra6 51. Kc3 a4 52. b4 Kf7 53. Ra5 Rc6+ 54. Kb2 Ke6 55. Ka3 Kd7 56. b5 Rc4 57. Ra6 Kc7 58. Rxa4 Rxa4+ 59. Kxa4 {Accuracy: White = 65%, Black = 58%.} 1/2-1/2